000 00430nam a22001577a 4500
003 OSt
005 20221026194728.0
008 221021b |||||||| |||| 00| 0 eng d
040 _cBiblioteca LadoV
082 _a702
_bAR784a
130 _aArt| Basel Conversations
_lingles
245 _aArt | Basel Conversations/
260 _aMiami
_c2006
300 _a212p.
_c17x22cm
942 _2ddc
_c1
_h702
_iAR784a
_n0
999 _c2355
_d2355